Premier League Teams 2012-13 - Statistics

General Stats
  • This quiz has been taken 143 times
  • The average score is 17 of 20
Answer Stats
Position Team % Correct
3 Chelsea
100%
2 Manchester City
100%
C Manchester United
100%
4 Arsenal
98%
7 Liverpool
98%
5 Tottenham Hotspur
98%
6 Everton
96%
10 West Ham United
93%
15 Aston Villa
88%
12 Fulham
86%
16 Newcastle United
86%
14 Southampton
86%
17 Sunderland
82%
11 Norwich City
80%
8 West Bromwich Albion
80%
R Queens Park Rangers
77%
13 Stoke City
75%
9 Swansea City
75%
R Wigan Athletic
67%
R Reading
62%
No matching quizzes found
Score Distribution
Percent of People with Each Score
Percentile by Number Answered
Your Score History
You have not taken this quiz